Senzor na kontinuálne snímanie vibrácií v prostredí slabého magnetického poľa s RF rušením
Na minha lista:
| Autor principal: | |
|---|---|
| Outros Autores: | |
| Formato: | Manuscrito Livro |
| Idioma: | eslovaco |
| Publicado em: |
Bratislava :
STU v Bratislave FEI,
2025
|
| Assuntos: | |
| Acesso em linha: | https://opac.crzp.sk/?fn=detailBiblioFormChildW123SCR&sid=8D80AD18777FCC7F65B6B44DC29E&seo=CRZP-detail-kniha |
| Tags: |
Sem tags, seja o primeiro a adicionar uma tag!
|
MARC
| LEADER | 00000ntm a22000003a 4500 | ||
|---|---|---|---|
| 001 | stuzp104520 | ||
| 003 | SK-STU | ||
| 005 | 20260203105358.4 | ||
| 007 | ta | ||
| 008 | 150427s2015----xo-----f-mn---000-0-slo-d | ||
| 040 | |a STU |b slo | ||
| 041 | 0 | |a slo | |
| 044 | |a xo | ||
| 100 | 1 | |a Šimo, Roman |u 034000 |4 aut |U FEI Fakulta elektrotechniky a informatiky |T FEI Ústav elektrotechniky |X 120703 |U E040 |Y 550 |7 120703 | |
| 242 | 0 | 1 | |a Sensor for continuous vibration sensing in low magnetic field environment with RF disturbance. |y eng |
| 245 | 1 | 0 | |a Senzor na kontinuálne snímanie vibrácií v prostredí slabého magnetického poľa s RF rušením |
| 260 | |a Bratislava : |b STU v Bratislave FEI, |c 2025 | ||
| 300 | |a 42 s. | ||
| 650 | 4 | |a Vznik a snímanie vibrácií |2 slo | |
| 650 | 4 | |a NMR tomograf |2 slo | |
| 650 | 4 | |a mikroradič |2 slo | |
| 650 | 4 | |a Bluetooth prenos dát |2 slo | |
| 650 | 4 | |a Vibration generation and sensing |2 eng | |
| 650 | 4 | |a NMR tomograph |2 eng | |
| 650 | 4 | |a microcontroller |2 eng | |
| 650 | 4 | |a BT data transmission |2 eng | |
| 700 | 1 | |a Gogola, Daniel |4 ths |X 16508 |7 A000016508 | |
| 856 | 4 | |u https://opac.crzp.sk/?fn=detailBiblioFormChildW123SCR&sid=8D80AD18777FCC7F65B6B44DC29E&seo=CRZP-detail-kniha | |